Rugby : Surnoms des équipes nationales de rugby à XV - Statistiques

Statistiques générales
  • Ce quiz a été pris 103 fois
  • Le résultat moyen est 17 sur 30
Statistiques - réponses
Hint Réponse % Correct
Nouvelle-Zélande Les All blacks
97%
France Les Bleus
97%
Australie Les Wallabies
94%
Angleterre Le XV de la Rose
94%
Italie La Squadra Azzurra
93%
Afrique du Sud Les Springboks
92%
Irlande Le XV du Trèfle
92%
Argentine Les Pumas
90%
Écosse Le XV du chardon
88%
Fidji Les Fidjiens volants
86%
Samoa Manu Samoa
86%
Galles Le XV du Poireau
85%
Japon Les Fleurs de cerisier
71%
Belgique Les Diables noirs
55%
États-Unis Les Aigles
53%
Pays-Bas Les Oranges
50%
Suisse Le XV de l'Edelweiss
49%
Canada Les Canucks
48%
Chili Les Condors
38%
Russie Les Ours
37%
Namibie Les Welwitchias
24%
Espagne Le XV du Lion
22%
Hong Kong Les Dragons
21%
Géorgie Les Lelos
20%
Roumanie Les Chênes
17%
Uruguay Les Vanneau téro
16%
Brésil Les Tupi
14%
Tonga Les Aigles de mer
13%
Portugal Les Loups
13%
Zimbabwe Les Sables
3%
Aucun quiz correspondant
Distribution des résultats
% des personnes avec chaque résultat
Percentile par nombre de réponses
Votre historique - résultats
Vous n’avez pas pris ce quiz